000 00566cam a2200205 4500500
005 20260405000621.0
041 _afre
042 _adc
100 1 0 _aDuru, Martin
_eauthor
245 0 0 _aHeureux malgré tout
260 _c2008.
500 _a65
690 _aDouleur
690 _aNature
690 _aSénèque
690 _aStoïcien
690 _aVertu
786 0 _nPhilosophie magazine | 22 | 9 | 2008-09-01 | p. 29-30 | 1951-1787
856 4 1 _uhttps://shs.cairn.info/magazine-philosophie-magazine-2008-9-page-29?lang=fr&redirect-ssocas=7080
999 _c2039026
_d2039026